Normal view MARC view
  • Escobedo, Federico,

Entry Nombre Personal

Number of records used in: 1

001 - NUMERO DE CONTROL

  • campo de control: 46027

003 - IDENTIFICADOR DE NUMERO DE CONTROL

  • campo de control: DLC

005 - FECHA Y HORA DE LA ÜLTIMA TRANSACCIÓN

  • campo de control: 20220901122043.0

008 - DATOS DE LONGITUD FIJA

  • campo de control de longitud fija: 090603n| acannaabn |a aaa d

010 ## - NÚMERO DE CONTROL DE LA BIBLIOTECA DEL CONGRESO

  • Número de control LC: no2009085823

035 ## - NUMERO DE CONTROL

  • Número de control: (OCoLC)oca08130320

040 ## - FUENTE DE CATALOGACIÓN

  • Agencia original de catalogación: MXMxUNAM
  • Lenguaje de catalogación: spa
  • Agencia de transcripción: MXMxUNAM
  • Agencia que lo modifica: MX-MxUPN

100 1# - ENCABEZAMIENTO - NOMBRE PERSONAL

  • Nombre personal: Escobedo, Federico,
  • Fechas asociadas con el nombre: 1874-1949

400 1# - VEÁSE - NOMBRE DE PERSONA

  • Personal name: Escobedo Tinoco, Federico,
  • Dates associated with a name: 1874-1949

400 1# - VEÁSE - NOMBRE DE PERSONA

  • Personal name: Miceno, Tamiro,
  • Dates associated with a name: 1874-1949

670 ## - FUENTE EN LA QUE SE LOCALIZARON DATOS

  • Cita de la fuente: Siempre antiguo y siempre nuevo, 1927:
  • Información localizada: portada (Federico Escobedo)

670 ## - FUENTE EN LA QUE SE LOCALIZARON DATOS

  • Cita de la fuente: Aromas de leyenda, 1940:
  • Información localizada: portada (Tamiro Miceno)

670 ## - FUENTE EN LA QUE SE LOCALIZARON DATOS

  • Cita de la fuente: Dicc. de escritores mexicanos siglo XX, 1988-2008:
  • Información localizada: t. 2, p. 122 (Escobedo, Federico (1874-1949); b. in Salvatierra, Guanajuato, February 8, and d. in Puebla, November 13; he belonged to Arcadia Romana with the name of "Tamiro Miceno")

670 ## - FUENTE EN LA QUE SE LOCALIZARON DATOS

  • Cita de la fuente: Diccionario de seudónimos, anagramas, iniciales y otros alias usados por escritores mexicanos y extranjeros que han publicado en México, 2000:
  • Información localizada: p. 259 (Escobedo, Federico (1874-1949) b. in Salvatierra, Gto., February 8, and d. in Puebla, Pue., November 13; Priest Jesuit, philologist, poet and playwright, its maternal last name was Tinoco; Miceno, Tamiro [pseud.]; he was member of the Arcadia Romana and baptized with his bucolic name on May 22, 1907)

902 ## - CATALOGADOR

  • Catalogador: VRC/010922